LEADER 03494nam0 2200469 i 450 001 BVEE034550 005 20170908093216.0 012 $anse- inum imt. citr (3) 1668 (R)$2fei$9Vol.2 012 $ao-m, S.7. ise- luho (3) 1668 (R)$2fei$9Vol.1 100 $a20061204d1668 ||||0itac50 ba 101 | $alat 102 $anl 181 1$6z01$ai $bxxxe 182 1$6z01$an 200 1 $a˜Renati Descartes œEpistolae, partim ab auctore Latino sermone conscriptae, partim ex Gallico translatae. In quibus omnis generis quaestiones philosophicae tractantur, & explicantur plurimae difficultates quae in reliquis ejus operibus occorrunt. Pars prima [- secunda] 215 $a2 v. ([8], 383, [1]; [4], 404, [4] p.$cill.$d4º 300 $aWillems, n. 1393 300 $aIl vol.3, annunciato nella pref., uscirà nel 1683: ex typographia Blaviana (cfr. BVEE034133) 300 $aMarca (Minerva, olivo e civetta: Ne extra oleas) 300 $aSegn.: *⁴A-3B⁴; *²A-3D⁴3F-3E². 316 $av. 1. - Legatura farnesiana. - Timbro RB sul front. - Contiene il v. 2.$5IT-NA0079, SALA FARN.24. C 0017 316 $av. 1. - Legatura farnesiana. - Timbro RB sul front. - Contiene il 1 v.$5IT-NA0079, SALA FARN.24. C 0017 620 $aNL$dAmsterdam$3BVEL000108 700 1$aDescartes$b, René$3CFIV009080$4070$0340660 712 02$aElzevier, Daniel$3UFIV122800$4650 790 1$aDes Cartes$b, Renatus$3CFIV162714$zDescartes, René 790 1$aDes Cartes$b, Renato$3CFIV206879$zDescartes, René 790 1$aCartesio$b, Renato$3IEIV082579$zDescartes, René 790 0$aCartesio$3NAPV068936$zDescartes, René 791 02$aMarteau, Pierre$3CFIV335126$zElzevier, Daniel 791 02$aLe Jeune, Jacques$3CFIV335139$zElzevier, Daniel 791 02$aOfficina Elzeviriana$c $3SBNV003461$zElzevier, Daniel 801 3$aIT$bIT-NA0079$c20061204 850 $aIT-NA0079 899 1$aBiblioteca Nazionale Vittorio Emanuele III$bNA0079$eS$uhttp://books.google.com/books?vid=IBNN:BNA01001453927 | http://books.google.com/books?vid=IBNN:BNA01001453926 912 $aBVEE034550 921 $aSBNM000001$bMarca non controllata$cS2$dSui front. 950 0$aBiblioteca Nazionale Vittorio Emanuele III$cv. 2.$d BNSALA FARN.24. C 0017$e BNA010014539275 B v. 1. - Legatura farnesiana. - Timbro RB sul front. - Contiene il v. 2.$fC $h20061204$i20061204$bv. 1.$cv. 1.$d BNSALA FARN.24. C 0016$e BNA010014539265 B v. 1. - Legatura farnesiana. - Timbro RB sul front. - Contiene il 1 v.$fC $h20061204$i20061204 956 $aBiblioteca Nazionale Vittorio Emanuele III$b1$cBNTD$d$eBNA01001453927$uhttp://books.google.com/books?vid=IBNN:BNA01001453927$z BNSALA FARN.24. C 0017$b1$cBNTD$d$eBNA01001453926$uhttp://books.google.com/books?vid=IBNN:BNA01001453926$z BNSALA FARN.24. C 0016 977 $a BN 996 $aEpistolae, partim ab auctore Latino sermone conscriptae, partim ex Gallico translatae. In quibus omnis generis quaestiones philosophicae tractantur, & explicantur plurimae difficultates quae in reliquis ejus operibus occorrunt. Pars prima$91481057 997 $aUNISANNIO LEADER 01309nam a22002891i 4500 001 991002023039707536 005 20040119110941.0 008 040407s2000 it |||||||||||||||||eng 035 $ab1285900x-39ule_inst 035 $aARCHE-083862$9ExL 040 $aDip.to Scienze Storiche$bita$cA.t.i. Arch s.c.r.l. Pandora Sicilia s.r.l. 082 04$a336.27 100 1 $aFullerton, Don$0119601 245 12$aA tax on output of the polluting industry is not a tax on pollution :$bthe importance of hitting the target /$cDon Fullerton, Inkee Hong and Gilbert E. Metcalf 260 $aMilano :$bFondazione ENI Enrico Mattei,$c2000 300 $a42 p. ;$c21 cm 440 0$aNote di lavoro della Fondazione ENI Enrico Mattei ;$v46.2000 650 4$aTasse sull'emissione di residui inquinanti 650 4$aPolitica ambientale 700 1 $aMetcalf, Gilbert E. 700 1 $aHong, Inkee$eauthor$4http://id.loc.gov/vocabulary/relators/aut$0734086 907 $a.b1285900x$b02-04-14$c16-04-04 912 $a991002023039707536 945 $aLE009 GEOG.COLL.14G/46$g1$i2009000313248$lle009$o-$pE0.00$q-$rl$s- $t0$u0$v0$w0$x0$y.i13419237$z16-04-04 996 $aTax on output of the polluting industry is not a tax on pollution$91448462 997 $aUNISALENTO 998 $ale009$b16-04-04$cm$da $e-$feng$git $h2$i1 LEADER 01652nam 2200397 n 450 001 996383923003316 005 20221108070506.0 035 $a(CKB)1000000000588087 035 $a(EEBO)2240929639 035 $a(UnM)99844612e 035 $a(UnM)99844612 035 $a(EXLCZ)991000000000588087 100 $a19910904d1611 uy | 101 0 $alat 135 $aurbn||||a|bb| 200 00$aIsaaci Casauboni Ad Frontonem Ducaeum S.I. theologum epistola$b[electronic resource] $ein qua de apologia disseritur communi Iesuitarum nomine ante aliquot menses Luteti Parisiorum edita 210 $aLondini $cExcudebat [Eliot's Court Press for] Iohannes Norton, serenissim Regi Maiestatis, in Latinis, Grcis & Hebraicis typographus$dAnno M D XI. [1611] 215 $a[2], 172 p 300 $aA discussion of the points raised in James I's "Triplici nodo, triplex cuneus". 300 $aThe roman numeral date is made with turned C's. 300 $aIdentification of actual printer from STC. 300 $aRunning title reads: Is. Casauboni ad Frontonem Duc. epistola. 300 $aReproduction of the original in the Henry E. Huntington Library and Art Gallery. 330 $aeebo-0113 606 $aOath of allegiance, 1606$vEarly works to 1800 615 0$aOath of allegiance, 1606 700 $aCasaubon$b Isaac$f1559-1614.$0190955 701 $aDu Duc$b Fronton$f1559-1624.$01001120 801 0$bCu-RivES 801 1$bCu-RivES 801 2$bCStRLIN 801 2$bWaOLN 906 $aBOOK 912 $a996383923003316 996 $aIsaaci Casauboni Ad Frontonem Ducaeum S.I. theologum epistola$92404140 997 $aUNISA